| 000 | 00000nam##2200000za#4500 |
| 001 | 9.680899 |
| 003 | CaOODSP |
| 005 | 20200330065228 |
| 007 | ta |
| 008 | 150407|1999||||xxc||||| f|0| 0 fre|d |
| 020 | |a0-662-84036-4 |
| 040 | |aCaOODSP|bfre |
| 043 | |an-cn--- |
| 086 | 1 |aH68-50/1999F |
| 110 | 1 |aCanada.|bSanté Canada. |bConsei national du bien-être social. |
| 245 | 10|aLes enfants d'abord : |bun rapport pré-budgétaire du Conseil national du bien-être social |
| 260 | |aOttawa - Ontario : |bSanté Canada. |c1999. |
| 300 | |a35p. ; |c28 cm. |
| 500 | |a«Dans le présent rapport, nous décrivons les améliorations qui, selon le Conseil national du bien-être social, devraient être présentés dans le prochain budget. Le rapport se fonde largement sur les travaux du Conseil depuis 1989 -- l'année même où la Chambre des communes a adopté une résolution unanime visant à éliminer la pauvreté chez les enfants d'ici à 2000. Nos propositions sont décrites dans les grandes lignes principales du rapport et sont énoncées de nouveau dans les 29 recommandations au dernier chapitre.»--Page 2. |
| 520 | 3 |aDans le présent rapport, nous décrivons les améliorations qui, selon le Conseil national du bien-être social, devraient être présentés dans le prochain budget. Le rapport se fonde largement sur les travaux du Conseil depuis 1989 -- l'année même où la Chambre des communes a adopté une résolution unanime visant à éliminer la pauvreté chez les enfants d'ici à 2000. Nos propositions sont décrites dans les grandes lignes principales du rapport et sont énoncées de nouveau dans les 29 recommandations au dernier chapitre.--Page 2 |
| 563 | |aCouverture souple |
| 590 | |a99-45|b1999-11-12 |
| 691 | 07|aEnfant|2gcpds |
| 691 | 07|aPauvreté dans l'enfance|2gcpds |
| 691 | 07|aBudget|2gcpds |
| 775 | 08|tChildren first : |w(CaOODSP)9.647477 |
| 776 | 0#|tLes enfants d'abord : |w(CaOODSP)9.640782 |